US Cities by Most Workers - 50k+ - Medium - Statistics

General Stats
  • This quiz has been taken 5 times
  • The average score is 307 of 383
Answers on the Map
Answers color-coded by a green-red scale on the quiz's map according to % correct below.
 
Answer Stats
City Workers State % Correct
Albuquerque 297,502 NM
100%
Amarillo 94,538 TX
100%
Anchorage 160,868 AK
100%
Ann Arbor 120,193 MI
100%
Arlington 197,298 VA
100%
Arlington 162,452 TX
100%
Athens 78,236 GA
100%
Atlanta 550,913 GA
100%
Aurora 161,014 CO
100%
Aurora 72,326 IL
100%
Austin 747,198 TX
100%
Bakersfield 167,763 CA
100%
Baltimore 375,533 MD
100%
Baton Rouge 173,248 LA
100%
Birmingham 187,329 AL
100%
Boise 162,757 ID
100%
Boston 642,040 MA
100%
Boulder 102,973 CO
100%
Buffalo 160,816 NY
100%
Cambridge 137,701 MA
100%
Charleston 110,077 SC
100%
Charleston 55,300 WV
100%
Charlotte 604,486 NC
100%
Chicago 1,514,970 IL
100%
Cincinnati 250,604 OH
100%
Clearwater 73,572 FL
100%
Cleveland 261,423 OH
100%
Colorado Springs 252,895 CO
100%
Columbus 519,989 OH
100%
Columbus 107,569 GA
100%
Dallas 878,505 TX
100%
Dayton 87,440 OH
100%
Denver 546,705 CO
100%
Detroit 275,239 MI
100%
Edinburg 50,725 TX
100%
El Paso 304,816 TX
100%
Eugene 100,457 OR
100%
Franklin 78,891 TN
100%
Fresno 255,906 CA
100%
Grand Rapids 136,121 MI
100%
Green Bay 66,803 WI
100%
Greensboro 192,177 NC
100%
Greenville 107,579 SC
100%
Greenville 58,267 NC
100%
Hampton 65,472 VA
100%
Harrisburg 53,328 PA
100%
Hartford 98,549 CT
100%
Hillsboro 87,461 OR
100%
Hollywood 76,784 FL
100%
Honolulu 281,954 HI
100%
Houston 1,818,388 TX
100%
Huntsville 153,787 AL
100%
Indianapolis 545,105 IN
100%
Iowa City 56,702 IA
100%
Jackson 98,865 MS
100%
Jackson 53,453 TN
100%
Jacksonville 538,612 FL
100%
Jacksonville 79,722 NC
100%
Jersey City 140,433 NJ
100%
Kansas City 329,879 MO
100%
Kansas City 87,330 KS
100%
Knoxville 178,657 TN
100%
Lakeland 99,807 FL
100%
Lakewood 83,219 CO
100%
Las Vegas 363,381 NV
100%
Lawrence 50,139 KS
100%
Lexington 198,122 KY
100%
Lincoln 171,829 NE
100%
Los Angeles 2,088,605 CA
100%
Louisville 364,386 KY
100%
Madison 208,374 WI
100%
Manchester 66,206 NH
100%
Memphis 398,222 TN
100%
Miami 489,532 FL
100%
Milwaukee 273,012 WI
100%
Minneapolis 328,363 MN
100%
Nashville 486,324 TN
100%
Newark 172,180 NJ
100%
New Haven 91,940 CT
100%
New Orleans 222,425 LA
100%
New York 4,727,365 NY
100%
Norfolk 189,053 VA
100%
North Las Vegas 67,116 NV
100%
Oakland 217,448 CA
100%
Oklahoma City 431,547 OK
100%
Orlando 377,034 FL
100%
Philadelphia 792,620 PA
100%
Phoenix 888,989 AZ
100%
Pittsburgh 289,743 PA
100%
Portland 481,314 OR
100%
Portland 66,205 ME
100%
Portsmouth 54,441 VA
100%
Providence 124,595 RI
100%
Raleigh 331,376 NC
100%
Reno 163,681 NV
100%
Richmond 174,741 VA
100%
Riverside 171,673 CA
100%
Rochester 147,206 NY
100%
Rochester 89,110 MN
100%
Rockford 84,238 IL
100%
Salem 102,593 OR
100%
Salt Lake City 266,241 UT
100%
San Antonio 829,168 TX
100%
San Diego 903,171 CA
100%
San Francisco 713,503 CA
100%
San Jose 437,514 CA
100%
Santa Barbara 60,337 CA
100%
Santa Monica 98,012 CA
100%
Savannah 122,218 GA
100%
Seattle 616,439 WA
100%
Sioux Falls 121,861 SD
100%
Spokane 135,541 WA
100%
Springfield 153,788 MO
100%
Springfield 85,142 IL
100%
Springfield 78,731 MA
100%
St. Louis 256,678 MO
100%
Stockton 117,766 CA
100%
St. Paul 178,977 MN
100%
Syracuse 95,071 NY
100%
Tampa 366,777 FL
100%
Vancouver 108,791 WA
100%
Virginia Beach 221,298 VA
100%
Warwick 51,937 RI
100%
Washington 774,246 DC
100%
Wilmington 92,357 NC
100%
Wilmington 55,907 DE
100%
Winston-Salem 148,688 NC
100%
Worcester 109,048 MA
100%
Yonkers 66,727 NY
100%
Abilene 69,135 TX
80%
Akron 103,609 OH
80%
Albany 106,530 NY
80%
Alexandria 100,854 VA
80%
Allentown 50,571 PA
80%
Anaheim 183,184 CA
80%
Asheville 100,102 NC
80%
Augusta 129,873 GA
80%
Beaumont 70,455 TX
80%
Beaverton 64,505 OR
80%
Bellevue 131,264 WA
80%
Bellingham 62,741 WA
80%
Bend 60,557 OR
80%
Berkeley 76,762 CA
80%
Billings 66,134 MT
80%
Bloomington 79,555 MN
80%
Bloomington 57,604 IN
80%
Bloomington 51,248 IL
80%
Bowling Green 59,265 KY
80%
Brownsville 73,564 TX
80%
Cape Coral 50,844 FL
80%
Carmel 63,782 IN
80%
Cary 103,003 NC
80%
Cedar Rapids 95,820 IA
80%
Champaign 51,019 IL
80%
Chandler 152,494 AZ
80%
Chattanooga 176,517 TN
80%
Chesapeake 101,859 VA
80%
Chula Vista 72,037 CA
80%
Clarksville 62,912 TN
80%
College Station 62,498 TX
80%
Columbia 150,973 SC
80%
Columbia 89,154 MO
80%
Columbia 73,345 MD
80%
Concord 58,557 CA
80%
Concord 56,065 NC
80%
Corpus Christi 154,144 TX
80%
Davenport 61,582 IA
80%
Daytona Beach 58,125 FL
80%
Dearborn 82,236 MI
80%
Denton 79,149 TX
80%
Des Moines 136,254 IA
80%
Duluth 57,647 MN
80%
Durham 182,163 NC
80%
Elgin 55,762 IL
80%
Elizabeth 60,277 NJ
80%
Elk Grove 50,345 CA
80%
Erie 53,583 PA
80%
Evansville 87,157 IN
80%
Everett 98,566 WA
80%
Fargo 99,100 ND
80%
Fayetteville 142,839 NC
80%
Fayetteville 60,461 AR
80%
Fort Collins 105,712 CO
80%
Fort Lauderdale 171,704 FL
80%
Fort Myers 74,116 FL
80%
Fort Smith 62,158 AR
80%
Fort Wayne 147,007 IN
80%
Fort Worth 499,647 TX
80%
Frederick 52,139 MD
80%
Fremont 114,548 CA
80%
Frisco 93,365 CA
80%
Gainesville 101,658 FL
80%
Garland 75,210 TX
80%
Gilbert 93,573 AZ
80%
Glendale 98,369 CA
80%
Glendale 92,740 AZ
80%
Grand Junction 52,223 CO
80%
Greeley 54,295 CO
80%
Henderson 100,739 NV
80%
Hialeah 84,722 FL
80%
High Point 62,180 NC
80%
Huntington Beach 80,319 CA
80%
Irvine 266,162 CA
80%
Irving 194,891 TX
80%
Joliet 63,736 IL
80%
Kalamazoo 51,557 MI
80%
Kent 71,655 WA
80%
Lafayette 105,770 LA
80%
Lafayette 58,033 IN
80%
Lake Charles 53,006 LA
80%
Lancaster 59,258 CA
80%
Lansing 77,938 MI
80%
Laredo 103,326 TX
80%
Las Cruces 53,236 NM
80%
Little Rock 170,541 AR
80%
Livonia 79,429 MI
80%
Lubbock 136,058 TX
80%
Lynchburg 57,943 VA
80%
Macon 84,769 GA
80%
Marietta 79,453 GA
80%
McAllen 91,037 TX
80%
Melbourne 67,235 FL
80%
Meridian 54,725 ID
80%
Mesa 194,511 AZ
80%
Metairie 74,461 LA
80%
Miami Beach 65,102 FL
80%
Midland 75,362 TX
80%
Missoula 54,809 MT
80%
Mobile 130,143 AL
80%
Montgomery 126,481 AL
80%
Murfreesboro 81,374 TN
80%
Naperville 84,419 IL
80%
Nashua 51,049 NH
80%
Newport News 119,008 VA
80%
Newton 55,441 MA
80%
Norman 59,062 OK
80%
North Charleston 97,051 SC
80%
Oceanside 56,955 CA
80%
Odessa 58,637 TX
80%
Ogden 60,543 UT
80%
Olathe 68,737 KS
80%
Omaha 319,844 NE
80%
Ontario 122,385 CA
80%
Orange 105,276 CA
80%
Orem 50,600 UT
80%
Overland Park 130,242 KS
80%
Oxnard 67,096 CA
80%
Paradise 233,892 NV
80%
Pasadena 117,473 CA
80%
Pasadena 68,797 TX
80%
Pembroke Pines 55,030 FL
80%
Peoria 70,753 IL
80%
Peoria 57,141 AZ
80%
Plano 212,702 TX
80%
Port St. Lucie 53,905 FL
80%
Provo 70,599 UT
80%
Pueblo 50,501 CO
80%
Rancho Cucamonga 77,854 CA
80%
Rapid City 50,862 SD
80%
Redding 51,864 CA
80%
Roanoke 69,910 VA
80%
Roswell 53,231 GA
80%
Round Rock 72,219 TX
80%
Sacramento 334,808 CA
80%
San Bernardino 111,224 CA
80%
San Buenaventura 64,087 CA
80%
Sandy Springs 104,944 GA
80%
Santa Clara 115,402 CA
80%
Santa Fe 56,410 NM
80%
Santa Rosa 83,769 CA
80%
Sarasota 57,339 FL
80%
Scottsdale 194,895 AZ
80%
Shreveport 99,494 LA
80%
South Bend 61,439 IN
80%
Spokane Valley 55,536 WA
80%
Stamford 79,116 CT
80%
St. Cloud 51,017 MN
80%
Sterling Heights 63,958 MI
80%
St. George 52,384 UT
80%
St. Petersburg 136,685 FL
80%
Sugar Land 68,266 TX
80%
Tacoma 125,998 WA
80%
Tallahassee 145,489 FL
80%
Tempe 184,354 AZ
80%
Thousand Oaks 69,779 CA
80%
Toledo 128,928 OH
80%
Topeka 80,311 KS
80%
Torrance 105,096 CA
80%
Tucson 306,863 AZ
80%
Tulsa 277,354 OK
80%
Tuscaloosa 80,275 AL
80%
Tyler 80,822 TX
80%
Waco 91,058 TX
80%
Warren 87,089 MI
80%
West Des Moines 56,036 IA
80%
West Palm Beach 106,960 FL
80%
West Valley City 61,296 UT
80%
Wichita 204,703 KS
80%
Wichita Falls 56,359 TX
80%
Yuma 50,532 AZ
80%
Alpharetta 90,430 GA
60%
Beverly Hills 53,367 CA
60%
Boca Raton 114,236 FL
60%
Burbank 99,403 CA
60%
Carson 56,075 CA
60%
Centennial 70,074 CO
60%
Chico 56,137 CA
60%
Coral Gables 53,503 FL
60%
Davie 55,385 FL
60%
Enterprise 55,171 NV
60%
Fontana 80,536 CA
60%
Grand Prairie 80,694 TX
60%
Hayward 65,384 CA
60%
Lenexa 55,793 KS
60%
Long Beach 194,431 CA
60%
Longview 54,350 TX
60%
McKinney 82,968 TX
60%
Medford 53,272 OR
60%
Modesto 91,080 CA
60%
Ocala 68,952 FL
60%
Palo Alto 81,204 CA
60%
Pensacola 54,755 FL
60%
Plymouth 58,890 MN
60%
Pompano Beach 69,236 FL
60%
Redwood City 58,457 CA
60%
Renton 64,733 WA
60%
Reston 65,673 VA
60%
Rockville 67,336 MD
60%
Salinas 54,874 CA
60%
San Angelo 51,362 TX
60%
San Mateo 57,184 CA
60%
Santa Ana 142,492 CA
60%
Santa Clarita 77,669 CA
60%
Schaumburg 69,189 IL
60%
Spring Valley 68,713 NV
60%
The Woodlands 69,861 TX
60%
Troy 95,701 MI
60%
Visalia 61,504 CA
60%
White Plains 59,454 NY
60%
Auburn Hills 59,354 MI
40%
Bethesda 83,356 MD
40%
Brandon 56,711 FL
40%
Carlsbad 80,491 CA
40%
Carrollton 73,250 TX
40%
Chapel Hill 56,271 NC
40%
Chesterfield 50,822 MO
40%
Chino 52,052 CA
40%
Conroe 52,277 TX
40%
Corona 78,415 CA
40%
Costa Mesa 87,209 CA
40%
Doral 80,569 FL
40%
Eagan 53,669 MN
40%
Eden Prairie 53,864 MN
40%
El Segundo 61,843 CA
40%
Escondido 59,216 CA
40%
Fairfield 51,145 CA
40%
Farmington Hills 52,823 MI
40%
Fullerton 64,665 CA
40%
Garden Grove 51,224 CA
40%
Grapevine 68,778 TX
40%
Industry 64,006 CA
40%
Johnson City 56,656 TN
40%
Lewisville 54,215 TX
40%
Livermore 52,319 CA
40%
Moreno Valley 54,754 CA
40%
Mountain View 89,500 CA
40%
Newport Beach 85,412 CA
40%
Pleasanton 58,499 CA
40%
Pomona 56,550 CA
40%
Rancho Cordova 53,603 CA
40%
Redmond 87,370 WA
40%
Richardson 105,464 TX
40%
Roseville 87,156 CA
40%
Southfield 71,121 MI
40%
South San Francisco 54,423 CA
40%
Sunnyvale 109,956 CA
40%
Temecula 58,181 CA
40%
Temple 50,178 TX
40%
Towson 59,491 MD
40%
Tysons 76,404 VA
40%
Walnut Creek 55,316 CA
40%
Wauwatosa 50,006 WI
40%
Waltham 58,468 MA
20%
No matching quizzes found
Score Distribution
Percent of People with Each Score
Percentile by Number Answered
Your Score History
You have not taken this quiz